000 00404nam a22001457a 4500
999 _c8806
_d8806
003 OSt
008 200711b ||||| |||| 00| 0 eng d
100 _aYadav, Adhikrao
245 _aPhytopharmaceuticals
250 _a2019
260 _aNew Delhi
_bNirali Prakashan
_c2019
300 _a1.3
650 _aPharmaceutics- Drug Delivery Systems,Pharmaceutical Engineering regulraty Science
942 _2ddc
_cBK